Đề cương bài giảng kinh tế chính trị Mác - Lênin
Sách gồm 3 phần trình bày phương thức sản xuất tư bản chủ nghĩa, những vấn đề kinh tế chính trị của thời kỳ quá độ lên chủ nghĩa xã hội ở Việt Nam.
Saved in:
| Main Author: | |
|---|---|
| Format: | Book |
| Language: | Undetermined |
| Published: |
Thành phố Hồ Chí Minh
Đại Học Quốc Gia
2005
|
| Subjects: | |
| Tags: |
Add Tag
No Tags, Be the first to tag this record!
|
| Institutions: | Trung tâm Học liệu Trường Đại học Cần Thơ |
|---|
| LEADER | 00888nam a2200205Ia 4500 | ||
|---|---|---|---|
| 001 | CTU_112611 | ||
| 008 | 210402s9999 xx 000 0 und d | ||
| 020 | |c 16000 | ||
| 082 | |a 335.412 | ||
| 082 | |b L502 | ||
| 100 | |a Nguyễn, Văn Luân | ||
| 245 | 0 | |a Đề cương bài giảng kinh tế chính trị Mác - Lênin | |
| 245 | 0 | |c Nguyễn Văn Luân ...[et al.] | |
| 260 | |a Thành phố Hồ Chí Minh | ||
| 260 | |b Đại Học Quốc Gia | ||
| 260 | |c 2005 | ||
| 520 | |a Sách gồm 3 phần trình bày phương thức sản xuất tư bản chủ nghĩa, những vấn đề kinh tế chính trị của thời kỳ quá độ lên chủ nghĩa xã hội ở Việt Nam. | ||
| 650 | |a Marxian economics,Production (economic theory) | ||
| 904 | |i Minh | ||
| 980 | |a Trung tâm Học liệu Trường Đại học Cần Thơ | ||